[Event "Varennes Myriam Roy op"]
[Site "Varennes"]
[Date "2005.12.04"]
[Round "4"]
[White "Clark Foulquier, Stephen Philip"]
[Black "Ye, Ling Feng"]
[Result "0-1"]
[WhiteElo "2119"]
[BlackElo "2090"]
[PlyCount "78"]
[EventDate "2005.12.02"]
[EventType "swiss"]
[EventRounds "5"]
[EventCountry "CAN"]
[SourceTitle "EXT 2009"]
[Source "ChessBase"]
[SourceDate "2008.11.26"]
[SourceVersion "1"]
[SourceVersionDate "2008.11.26"]
[SourceQuality "1"]

1. d4 Nf6 2. Nf3 g6 3. Bf4 d5 4. e3 Bg7 5. h3 0-0 6. Nbd2 Nbd7 7. c3 Re8 8. Bh2 a6 9. a4 b6 10. Bd3 Bb7 11. 0-0 c5 12. Qe2 c4 13. Bc2 b5 14. a5 Ne4 15. Nxe4 dxe4 16. Ng5 Nf6 17. f3 exf3 18. gxf3 h6 19. Nxf7 Kxf7 20. Qg2 g5 21. h4 Rg8 22. Kf2 g4 23. e4 h5 24. Ke2 gxf3+ 25. Rxf3 Bc8 26. Raf1 Bh6 27. Rg3 Bg4+ 28. Ke1 Ke8 29. e5 Nd5 30. Qe4 Bf4 31. e6 Qd6 32. Re3 Bxh2 33. Qh7 Bxe6 34. Qe4 Nxe3 35. Qxa8+ Kd7 36. Qb7+ Qc7 37. Qxa6 Nxf1 38. Qxb5+ Qc6 39. Qxc6+ Kxc6 0-1

[Event "Quebec-ch qual 2000+"]
[Site "Montreal"]
[Date "2005.10.10"]
[Round "5"]
[White "Clark Foulquier, Stephen Philip"]
[Black "Lacroix, Serge"]
[Result "1-0"]
[WhiteElo "2138"]
[BlackElo "2013"]
[PlyCount "83"]
[EventDate "2005.10.08"]
[EventType "swiss"]
[EventRounds "5"]
[EventCountry "CAN"]
[SourceTitle "EXT 2022"]
[Source "ChessBase"]
[SourceDate "2021.10.06"]
[SourceVersion "1"]
[SourceVersionDate "2021.10.06"]
[SourceQuality "1"]

1. d4 Nf6 2. Nf3 e6 3. Bf4 d5 4. e3 Bd6 5. Ne5 Nfd7 6. Qg4 Nxe5 7. dxe5 Bf8 8. Bd3 c5 9. c3 b6 10. 0-0 Qc7 11. e4 dxe4 12. Bxe4 Bb7 13. Bxb7 Qxb7 14. Na3 Nc6 15. Rfd1 Ne7 16. Bg5 b5 17. c4 h5 18. Qe2 b4 19. Nb5 Nf5 20. Nd6+ Bxd6 21. exd6 Kd7 22. Bf4 f6 23. h3 Rae8 24. Bh2 Nd4 25. Rxd4 cxd4 26. c5 Rh6 27. Rc1 Rc8 28. f3 a5 29. Kh1 Rhh8 30. Qc4 e5 31. Qf7+ Kc6 32. Qe6 Qd7 33. Qb3 Rb8 34. Qd3 Rhc8 35. Qe4+ Kb5 36. Qd5 Qc6 37. Qc4+ Ka4 38. d7 Rc7 39. Rc2 d3 40. Qxd3 Rxd7 41. b3+ Ka3 42. Qf1 1-0

[Event "Quebec-ch qual 2000+"]
[Site "Montreal"]
[Date "2005.10.09"]
[Round "3"]
[White "Clark Foulquier, Stephen Philip"]
[Black "Benoit Deschamps, Jean Marc"]
[Result "0-1"]
[WhiteElo "1913"]
[BlackElo "2116"]
[PlyCount "77"]
[EventDate "2005.10.08"]
[EventType "swiss"]
[EventRounds "5"]
[EventCountry "CAN"]
[SourceTitle "EXT 2009"]
[Source "ChessBase"]
[SourceDate "2008.11.26"]
[SourceVersion "1"]
[SourceVersionDate "2008.11.26"]
[SourceQuality "1"]

1. d4 Nf6 2. Nf3 e6 3. Bf4 d5 4. e3 Bd6 5. Ne5 0-0 6. Bd3 c6 7. Nd2 Qc7 8. Bg3 Nbd7 9. f4 c5 10. c3 c4 11. Bb1 b5 12. Bh4 Bb7 13. Qf3 b4 14. g4 bxc3 15. bxc3 Qa5 16. g5 Bxe5 17. fxe5 Ne4 18. Bxe4 dxe4 19. Qe2 Qxc3 20. 0-0 Bd5 21. Rae1 Rac8 22. Qg2 Qd3 23. g6 fxg6 24. Be7 Rfe8 25. Bd6 c3 26. Nb3 Bxb3 27. axb3 c2 28. Ba3 Qxb3 29. Bc1 Qd5 30. Ba3 Qb3 31. Bc1 a5 32. Rf4 a4 33. Ref1 Rf8 34. Qg5 Rxf4 35. Rxf4 Qb1 36. Qe7 Qxc1+ 37. Kf2 Qd2+ 38. Kg3 Qxe3+ 39. Kh4 0-1

[Event "BCF-chT3 0102 (4NCL)"]
[Site "Birmingham"]
[Date "2001.11.24"]
[Round "3.3"]
[White "Thomas, Nicholas"]
[Black "Clark Foulquier, Stephen Philip"]
[Result "1/2-1/2"]
[WhiteElo "2201"]
[BlackElo "2112"]
[PlyCount "59"]
[EventDate "2001.09.??"]
[EventType "team-tourn"]
[EventRounds "11"]
[EventCountry "ENG"]
[SourceTitle "EXT 2003"]
[Source "ChessBase"]
[SourceDate "2002.11.25"]
[SourceVersion "1"]
[SourceVersionDate "2002.11.25"]
[SourceQuality "1"]
[WhiteTeam "Warwicks Select II"]
[BlackTeam "South County Stars"]
[WhiteTeamCountry "ENG"]
[BlackTeamCountry "ENG"]

1. e4 d5 2. exd5 Nf6 3. Nc3 Nxd5 4. Bc4 Nb6 5. Bb3 Nc6 6. Nf3 Bf5 7. d4 e6 8. 0-0 Be7 9. Bf4 0-0 10. Nb5 Rc8 11. Ne5 Nxe5 12. dxe5 a6 13. Nd4 c5 14. Nxf5 exf5 15. c3 c4 16. Bc2 Nd5 17. Qf3 Nxf4 18. Qxf4 g6 19. Rfd1 Qb6 20. Rab1 Qe6 21. Re1 Rfd8 22. Re2 b5 23. b4 Rd5 24. Rbe1 Bd8 25. h3 h5 26. Rd2 Rxd2 27. Qxd2 Bb6 28. Qd6 Rd8 29. Qxe6 fxe6 30. Rd1 1/2-1/2

[Event "Monarch Assurance 10th"]
[Site "Port Erin"]
[Date "2001.10.05"]
[Round "7"]
[White "Simons, Martin J"]
[Black "Clark Foulquier, Stephen Philip"]
[Result "1/2-1/2"]
[WhiteElo "2215"]
[BlackElo "2112"]
[PlyCount "85"]
[EventDate "2001.09.29"]
[EventType "swiss"]
[EventRounds "9"]
[EventCountry "IOM"]
[SourceTitle "CBM 084 Extra"]
[Source "ChessBase"]
[SourceDate "2001.10.26"]
[SourceVersion "1"]
[SourceVersionDate "2001.10.26"]
[SourceQuality "1"]

1. e4 c6 2. Nc3 d5 3. d4 dxe4 4. Bc4 Nf6 5. f3 exf3 6. Nxf3 Bg4 7. Bxf7+ Kxf7 8. Ne5+ Ke8 9. Nxg4 Nbd7 10. 0-0 g6 11. Bg5 Bg7 12. Qf3 Rf8 13. Rae1 Nxg4 14. Qxg4 Rxf1+ 15. Kxf1 Nf6 16. Qh4 Kf7 17. Re3 Qd7 18. Rf3 Kg8 19. Ne4 Qxd4 20. Nxf6+ Bxf6 21. Bxf6 Qd1+ 22. Qe1 Qxe1+ 23. Kxe1 exf6 24. Rxf6 Re8+ 25. Kd2 Kg7 26. Rd6 Re7 27. Kd3 Kh6 28. b4 Kg5 29. a4 Kf5 30. c4 Re1 31. Kd2 Re7 32. a5 Ke5 33. Rd3 Rf7 34. Ke3 Re7 35. Kd2 Rf7 36. Ke3 Re7 37. Rd8 a6 38. Rb8 Rd7 39. Re8+ Kf5 40. Rf8+ Ke5 41. Re8+ Kf5 42. Rf8+ Ke5 43. Re8+ 1/2-1/2

[Event "Monarch Assurance 10th"]
[Site "Port Erin"]
[Date "2001.10.04"]
[Round "6"]
[White "Clark Foulquier, Stephen Philip"]
[Black "Howell, David"]
[Result "1-0"]
[WhiteElo "2112"]
[BlackElo "2170"]
[PlyCount "143"]
[EventDate "2001.09.29"]
[EventType "swiss"]
[EventRounds "9"]
[EventCountry "IOM"]
[SourceTitle "CBM 084 Extra"]
[Source "ChessBase"]
[SourceDate "2001.10.26"]
[SourceVersion "1"]
[SourceVersionDate "2001.10.26"]
[SourceQuality "1"]

1. e4 e5 2. d3 Nc6 3. g3 d5 4. Nd2 Be6 5. Bg2 Qd7 6. Ngf3 f6 7. exd5 Bxd5 8. 0-0 Bc5 9. b3 h5 10. Bb2 Nge7 11. Ne4 Bb6 12. Qe2 0-0-0 13. Rad1 Nf5 14. c4 Bxe4 15. Qxe4 Nfd4 16. Nxd4 Bxd4 17. Bxd4 Qxd4 18. Qf5+ Kb8 19. Bxc6 bxc6 20. Rfe1 c5 21. Qe4 Qc3 22. Qc6 Qa5 23. Re2 Rd6 24. Qf3 Qc3 25. h4 a5 26. Qe3 Rd4 27. Qd2 Qb4 28. Re4 Rd6 29. Qxb4+ cxb4 30. Kf1 Rhd8 31. Ke2 Kb7 32. f4 exf4 33. Rxf4 Re6+ 34. Kf3 Rde8 35. Re4 Rxe4 36. dxe4 Kc6 37. Kf4 g6 38. Rd2 Ra8 39. Rd5 a4 40. Rb5 axb3 41. axb3 Ra2 42. Rxb4 Kc5 43. Rb7 Kd4 44. Kf3 Rb2 45. c5 c6 46. b4 Rb3+ 47. Kf4 g5+ 48. hxg5 fxg5+ 49. Kxg5 Kxe4 50. Kh4 Kd5 51. Rd7+ Kc4 52. Rb7 Kd5 53. Rb6 Rd3 54. b5 Kxc5 55. Rxc6+ Kxb5 56. Rg6 Kc5 57. Kxh5 Kd5 58. g4 Rh3+ 59. Kg5 Ke5 60. Rf6 Rg3 61. Rf8 Ke6 62. Kh5 Ke7 63. Rf2 Rh3+ 64. Kg6 Rh4 65. g5 Rh1 66. Kg7 Rg1 67. g6 Rh1 68. Kg8 Rg1 69. g7 Rh1 70. Re2+ Kd7 71. Re4 Rh2 72. Kf7 1-0

[Event "Monarch Assurance 10th"]
[Site "Port Erin"]
[Date "2001.10.02"]
[Round "4"]
[White "Clark Foulquier, Stephen Philip"]
[Black "Crouch, Colin S"]
[Result "0-1"]
[WhiteElo "2112"]
[BlackElo "2407"]
[PlyCount "130"]
[EventDate "2001.09.29"]
[EventType "swiss"]
[EventRounds "9"]
[EventCountry "IOM"]
[SourceTitle "CBM 084 Extra"]
[Source "ChessBase"]
[SourceDate "2001.10.26"]
[SourceVersion "1"]
[SourceVersionDate "2001.10.26"]
[SourceQuality "1"]

1. d4 Nf6 2. Nf3 b6 3. Bf4 Bb7 4. Nbd2 g6 5. e3 Bg7 6. h3 0-0 7. c3 d6 8. Be2 Nbd7 9. 0-0 Qe8 10. Bh2 e5 11. dxe5 dxe5 12. Nc4 Ne4 13. Qc2 Qe7 14. Rfd1 Rad8 15. a4 a5 16. Na3 f5 17. b4 Kh8 18. bxa5 bxa5 19. Nc4 Qc5 20. Nfd2 Nxd2 21. Rxd2 Nb6 22. Nxb6 cxb6 23. Rad1 Rxd2 24. Rxd2 f4 25. exf4 exf4 26. c4 Qb4 27. f3 Bc6 28. Bd1 Bxa4 29. Qd3 Bc6 30. Kh1 b5 31. Bb3 a4 32. Ba2 Qe7 33. Re2 Qb7 34. Bg1 b4 35. Bc5 Re8 36. Rxe8+ Bxe8 37. Qd8 Qd7 38. Qxd7 Bxd7 39. Bxb4 Bd4 40. Bd6 g5 41. h4 h6 42. hxg5 hxg5 43. Be7 g4 44. fxg4 Bxg4 45. Bg5 Be5 46. Kg1 Bd1 47. c5 Bb3 48. Bb1 Bd5 49. Be7 Kg7 50. Kf1 Kf7 51. Bh4 a3 52. Bf2 Ke6 53. Ke2 Bxg2 54. Kd3 Bd5 55. Bd4 a2 56. Bxa2 Bxa2 57. c6 Bc7 58. Bf2 Bd5 59. Ke2 Kf5 60. Kf1 Bxc6 61. Ke2 Ke4 62. Bh4 Bb5+ 63. Kf2 Bb6+ 64. Ke1 f3 65. Bg3 Kf5 0-1

[Event "Monarch Assurance 09th"]
[Site "Port Erin"]
[Date "2000.10.16"]
[Round "3"]
[White "Arkell, Keith C"]
[Black "Clark Foulquier, Stephen Philip"]
[Result "1-0"]
[WhiteElo "2481"]
[BlackElo "2133"]
[PlyCount "87"]
[EventDate "2000.10.14"]
[EventType "swiss"]
[EventRounds "9"]
[EventCountry "IOM"]
[SourceTitle "CBM 078 Extra"]
[Source "ChessBase"]
[SourceDate "2000.11.10"]
[SourceVersion "1"]
[SourceVersionDate "2000.11.10"]
[SourceQuality "1"]

1. e4 d5 2. Nc3 dxe4 3. Nxe4 Bf5 4. Ng3 Bg6 5. N1e2 e5 6. f4 exf4 7. Nxf4 Bd6 8. d4 Ne7 9. Bd3 Nd7 10. 0-0 Nf6 11. Nxg6 hxg6 12. Qf3 c6 13. h3 Qb6 14. Be3 0-0-0 15. c4 Qc7 16. Ne2 Qd7 17. d5 Kb8 18. Nd4 cxd5 19. Nb5 Nc6 20. Nxd6 Qxd6 21. Bf4 Ne5 22. Qg3 Nfd7 23. cxd5 Ka8 24. Kh1 Rde8 25. Bb5 f6 26. Rfe1 Qxd5 27. a4 g5 28. Bxe5 Nxe5 29. Bxe8 Rxe8 30. Rad1 Qc6 31. Qc3 Qe6 32. Qc7 a6 33. Rd7 Qxd7 34. Qxd7 Nxd7 35. Rxe8+ Ka7 36. b4 a5 37. bxa5 Nc5 38. Rg8 Nxa4 39. Rxg7 Ka6 40. g3 Kxa5 41. Rxb7 Nc5 42. Rb8 Ne4 43. Kg2 f5 44. Rf8 1-0

[Event "BCF-chT3b 0001 (4NCL)"]
[Site "Birmingham"]
[Date "2000.09.23"]
[Round "1.6"]
[White "Clark Foulquier, Stephen Philip"]
[Black "Hardy, Otto H"]
[Result "0-1"]
[WhiteElo "2133"]
[BlackElo "1808"]
[PlyCount "104"]
[EventDate "2000.11.26"]
[EventType "team-tourn"]
[EventRounds "7"]
[EventCountry "ENG"]
[SourceTitle "EXT 2002"]
[Source "ChessBase"]
[SourceDate "2001.11.25"]
[SourceVersion "1"]
[SourceVersionDate "2001.11.25"]
[SourceQuality "1"]
[WhiteTeam "Southern Counties Stars"]
[BlackTeam "BCCA II"]
[WhiteTeamCountry "ENG"]
[BlackTeamCountry "ENG"]

1. d4 e6 2. Nf3 c5 3. c3 b6 4. Bf4 Nf6 5. e3 Bb7 6. Nbd2 Be7 7. h3 d6 8. Bd3 Qd7 9. Qe2 Nc6 10. a4 0-0 11. 0-0 Rfe8 12. Nc4 Rac8 13. Rfd1 cxd4 14. exd4 h6 15. a5 Qc7 16. axb6 axb6 17. Na3 Bf8 18. Nb5 Qb8 19. Bh2 e5 20. dxe5 Nxe5 21. Nxe5 dxe5 22. Re1 Rcd8 23. Rad1 Qc8 24. Qc2 Qc6 25. Bf1 Rxd1 26. Qxd1 e4 27. Nd6 Rd8 28. Bb5 Qc7 29. Nxb7 Rxd1 30. Bxc7 Rxe1+ 31. Kh2 Nd5 32. Bg3 Rb1 33. Bc4 Nf6 34. Nd8 Rxb2 35. Nxf7 Kh7 36. Ne5 Bd6 37. Be6 Bxe5 38. Bxe5 Rxf2 39. Bd4 Rf1 40. Bxb6 Rc1 41. c4 Kg6 42. Be3 Rc3 43. Bd2 Rd3 44. Ba5 Rd6 45. Bc8 Rc6 46. Bb7 Rxc4 47. Kg3 Kf5 48. Ba6 Rc2 49. Bb4 g5 50. Ba5 h5 51. Bb4 h4+ 52. Kh2 Nd5 0-1

[Event "Ghent U20"]
[Site "Ghent"]
[Date "2000.07.18"]
[Round "7"]
[White "Michiels, Bart"]
[Black "Clark Foulquier, Stephen Philip"]
[Result "0-1"]
[WhiteElo "2145"]
[BlackElo "2133"]
[PlyCount "46"]
[EventDate "2000.07.15"]
[EventType "tourn"]
[EventRounds "9"]
[EventCountry "BEL"]
[SourceTitle "EXT 2014"]
[Source "ChessBase"]
[SourceDate "2013.11.20"]
[SourceVersion "1"]
[SourceVersionDate "2013.11.20"]
[SourceQuality "1"]

1. e4 c6 2. d4 d5 3. Nc3 dxe4 4. Nxe4 Bf5 5. Ng3 Bg6 6. h4 h6 7. f4 e6 8. Nf3 Nd7 9. h5 Bh7 10. Bd3 Bxd3 11. Qxd3 Qc7 12. Ne5 Nxe5 13. fxe5 0-0-0 14. Qe4 c5 15. Be3 cxd4 16. Bxd4 Bc5 17. 0-0-0 Ne7 18. Bxc5 Qxc5 19. Rhf1 Rxd1+ 20. Kxd1 Rf8 21. Kc1 Nc6 22. Re1 Rd8 23. Qf4 Nb4 0-1

[Event "Ghent U20"]
[Site "Ghent"]
[Date "2000.07.16"]
[Round "3"]
[White "Clark Foulquier, Stephen Philip"]
[Black "Brunner, Nicolas"]
[Result "0-1"]
[WhiteElo "2133"]
[BlackElo "2108"]
[PlyCount "112"]
[EventDate "2000.07.15"]
[EventType "tourn"]
[EventRounds "9"]
[EventCountry "BEL"]
[SourceTitle "EXT 2014"]
[Source "ChessBase"]
[SourceDate "2013.11.20"]
[SourceVersion "1"]
[SourceVersionDate "2013.11.20"]
[SourceQuality "1"]

1. d4 Nf6 2. Nf3 g6 3. Bf4 Bg7 4. h3 0-0 5. e3 d6 6. Be2 Nbd7 7. 0-0 b6 8. Nbd2 Bb7 9. c3 Ne4 10. Nc4 Qe8 11. Bh2 e5 12. dxe5 dxe5 13. Qc2 Qe7 14. Rfd1 Rad8 15. Nfd2 Ndc5 16. Bf3 Nxd2 17. Nxd2 Ba6 18. c4 Bc8 19. Nb3 Bf5 20. e4 Be6 21. Kh1 Nxb3 22. Qxb3 Qc5 23. Bg1 Bxc4 24. Qc3 Be6 25. Qxc5 bxc5 26. Be2 Rxd1 27. Rxd1 Bxa2 28. f3 Rb8 29. Bxc5 Bf8 30. Bxa7 Rxb2 31. Bf1 Rb1 32. Rxb1 Bxb1 33. Bc4 Bc2 34. Kg1 Bb4 35. Kf2 Ba5 36. Ke3 Bb6+ 37. Bxb6 cxb6 38. Kd2 Ba4 39. Kc3 Kf8 40. Kb4 Bc6 41. Bb5 Bb7 42. Bc4 f5 43. exf5 gxf5 44. Kb5 e4 45. fxe4 Bxe4 46. Bf1 Ke7 47. Kxb6 Kd6 48. Kb5 Kd5 49. Kb4 Kd4 50. g4 f4 51. Bb5 f3 52. g5 f2 53. Bf1 Bd3 54. Bg2 f1Q 55. Bxf1 Bxf1 56. h4 Be2 0-1

[Event "BCF-chT2 9900 (4NCL)"]
[Site "Birmingham"]
[Date "2000.03.25"]
[Round "7.2"]
[White "Toothill, John A"]
[Black "Clark Foulquier, Stephen Philip"]
[Result "1/2-1/2"]
[WhiteElo "2226"]
[BlackElo "2132"]
[PlyCount "41"]
[EventDate "1999.10.??"]
[EventType "team-tourn"]
[EventRounds "11"]
[EventCountry "ENG"]
[SourceTitle "EXT 2001"]
[Source "ChessBase"]
[SourceDate "2000.11.22"]
[SourceVersion "1"]
[SourceVersionDate "2000.11.22"]
[SourceQuality "1"]
[WhiteTeam "BCCA"]
[BlackTeam "South County Stars"]
[WhiteTeamCountry "ENG"]
[BlackTeamCountry "ENG"]

1. e4 d5 2. exd5 Nf6 3. d4 Bg4 4. Be2 Bxe2 5. Qxe2 Qxd5 6. Nf3 e6 7. 0-0 Nc6 8. Nc3 Qf5 9. Be3 0-0-0 10. Rfd1 h6 11. Qd3 Qxd3 12. Rxd3 Nb4 13. Rd2 Be7 14. Ne5 Rhf8 15. a3 Nbd5 16. Nxd5 Nxd5 17. Rad1 Nxe3 18. fxe3 Bf6 19. Nf3 c5 20. c4 cxd4 21. exd4 1/2-1/2